[Event "HUN-chT2 Barcza 1011"]
[Site "Hungary"]
[Date "2010.09.26"]
[Round "2.2"]
[White "Baber, Balazs"]
[Black "Forgacs, Jozsef"]
[Result "1/2-1/2"]
[WhiteElo "1996"]
[BlackElo "2246"]
[PlyCount "61"]
[EventDate "2010.09.12"]
[EventType "team-tourn"]
[EventRounds "11"]
[EventCountry "HUN"]
[SourceTitle "EXT 2012"]
[Source "ChessBase"]
[SourceDate "2011.11.24"]
[SourceVersion "1"]
[SourceVersionDate "2011.11.24"]
[SourceQuality "1"]
[WhiteTeam "Debrecen Sakkbaratok"]
[BlackTeam "Debrecen Betu"]
[WhiteTeamCountry "HUN"]
[BlackTeamCountry "HUN"]

1. b4 a5 2. b5 c5 3. c4 Nf6 4. Nc3 e6 5. e4 d5 6. e5 d4 7. Na4 Ng8 8. d3 Nd7 9. Qe2 Qc7 10. Bf4 f5 11. h4 b6 12. g3 Bb7 13. Rh2 0-0-0 14. Bg2 Nh6 15. Bxb7+ Qxb7 16. Bxh6 gxh6 17. f4 Rg8 18. Qg2 Qxg2 19. Rxg2 h5 20. Kf2 Kc7 21. Nf3 h6 22. Nb2 Be7 23. a4 Rg7 24. Rh1 Rdg8 25. Rh3 Nf8 26. Rhh2 Ng6 27. Nd1 Nf8 28. Nb2 Kd7 29. Nd1 Ng6 30. Nb2 Kc7 31. Nd1 1/2-1/2